[Event "V. Green 1855 - 1870"]
[Site "http://www.queenalice.com/game.php?id=1382887"]
[Date "2015.9.14"]
[Round "-"]
[White "LaB"]
[Black "Huevo"]
[Result "0-1"]
[WhiteElo "1995"]
[BlackElo "1476"]

1. Nf3 f5 2. Nc3 Nc6 3. d3 e5 4. e3 Nf6 5. Be2 Be7 6. O-O O-O 7. e4 d6 8. Nd5
Ng4 9. h3 Nf6 10. c4 f4 11. b3 Bd7 12. Ng5 Nd4 13. Bb2 c5 14. Rc1 Nxd5 0-1

[Event "C. Schlchter 1894 - 1918"]
[Site "http://www.queenalice.com/game.php?id=1382888"]
[Date "2015.9.14"]
[Round "-"]
[White "Magogue"]
[Black "LaB"]
[Result "0-1"]
[WhiteElo "596"]
[BlackElo "2018"]

1. h4 e5 2. Nc3 d5 3. d4 e4 4. f3 f5 5. fxe4 fxe4 6. Bg5 Be7 7. e3 Bxg5 8. Qh5+
g6 9. Qxg5 Qxg5 10. hxg5 Be6 11. Nge2 Nc6 12. Nf4 Bf7 13. Nfxd5 O-O-O 14. Bc4
Bxd5 15. Bxd5 Nb4 16. Bxe4 Re8 17. Kd2 c5 18. Bxg6 Kb8 0-1

[Event "F. Lee 1887 - 1907"]
[Site "http://www.queenalice.com/game.php?id=1382889"]
[Date "2015.9.13"]
[Round "-"]
[White "LaB"]
[Black "tewald"]
[Result "0-1"]
[WhiteElo "1902"]
[BlackElo "2028"]

1. Nf3 Nf6 2. d4 c5 3. c3 cxd4 4. cxd4 Nc6 5. Nc3 e6 6. e3 d5 7. Bb5 Bd7 8. Bxc6
bxc6 9. O-O Bd6 10. Ne5 O-O 11. f4 c5 12. Bd2 cxd4 13. exd4 Qb6 14. Bc1 h6 15.
Qf3 Qxd4+ 16. Be3 Qb4 17. Bc1 Qc5+ 18. Kh1 Bxe5 19. fxe5 Nh7 20. Qg3 Kh8 21. Bf4
Rab8 22. Rab1 Qc4 23. Qe3 Rxb2 24. Rxb2 Qxf1+ 0-1

[Event "W. Cohn 1897 - 1913"]
[Site "http://www.queenalice.com/game.php?id=1382890"]
[Date "2015.9.14"]
[Round "-"]
[White "Magogue"]
[Black "LaB"]
[Result "0-1"]
[WhiteElo "608"]
[BlackElo "1879"]

1. e4 e5 2. c3 Nf6 3. Nf3 Nc6 4. Bb5 d6 5. d4 Bd7 6. Qe2 Be7 7. O-O exd4 8. cxd4
O-O 9. Nc3 a6 10. Bxc6 Bxc6 11. Re1 Re8 12. d5 Bd7 13. Bf4 Bg4 14. Qd3 c6 15.
Nd4 Qb6 16. h3 Bd7 17. Re2 c5 18. Nf3 Qc7 19. Bh2 b5 20. e5 Qb7 21. exd6 Ra7 22.
Rae1 Qxd5 23. Qxh7+ Kf8 24. Qc2 Qd2 25. Ne4 Qxc2 26. Rxc2 Nxe4 27. Rxe4 Rc7 28.
Rxc5 Rxc5 29. dxe7+ Rxe7 30. Bd6 a5 31. Bxe7+ Kg8 32. Bxc5 Bg4 33. Rxg4 g5 0-1

[Event "P. Teichmann 1893 - 1934"]
[Site "http://www.queenalice.com/game.php?id=1382892"]
[Date "2015.9.14"]
[Round "-"]
[White "Magogue"]
[Black "LaB"]
[Result "0-1"]
[WhiteElo "588"]
[BlackElo "1965"]

1. h3 e5 2. e4 Nf6 3. Nf3 Nc6 4. Bb5 d6 5. Nc3 Bd7 6. O-O Be7 7. d4 exd4 8. Nxd4
O-O 9. Bf4 Ne5 10. Bxd7 Qxd7 11. Bxe5 dxe5 12. Nf5 Qe6 13. Nd5 Nxd5 14. Qxd5 Bg5
15. Qxb7 Rab8 16. Qxc7 Rxb2 17. Qc3 Rfb8 18. Rfd1 Rxa2 19. Rxa2 Rb1 20. Qc8+
Qxc8 21. Rxb1 Be3 22. Nxg7 Qxc2 23. Rbb2 Qxb2 24. Ra5 Bf4 25. g3 Bxg3 26. fxg3
Kxg7 0-1

[Event "M. Chingorin 1871 - 1907"]
[Site "http://www.queenalice.com/game.php?id=1382893"]
[Date "2015.9.14"]
[Round "-"]
[White "LaB"]
[Black "Huevo"]
[Result "0-1"]
[WhiteElo "1995"]
[BlackElo "1527"]

1. Nf3 f5 2. d4 Nf6 3. Nc3 d6 4. e3 h6 5. Bd3 g5 6. O-O Bg7 7. Re1 Nc6 8. e4
fxe4 9. Nxe4 Bd7 10. Nxf6+ Bxf6 11. Bg6+ Kf8 12. Nd2 Kg7 13. Be4 Bxd4 14. Re3
Bxe3 15. fxe3 e5 16. Qh5 Qe8 17. Qf7+ Qxf7 18. Nb3 Raf8 0-1

[Event "D. Janowski 1899 - 1926"]
[Site "http://www.queenalice.com/game.php?id=1382896"]
[Date "2015.9.14"]
[Round "-"]
[White "Magogue"]
[Black "LaB"]
[Result "0-1"]
[WhiteElo "586"]
[BlackElo "1967"]

1. a4 e5 2. e3 d5 3. Nf3 Bg4 4. Be2 Nc6 5. Nxe5 Bxe2 6. Nxc6 bxc6 7. Qxe2 Nf6 8.
Qa6 Qd6 9. Qb7 Rd8 10. Qxa7 Be7 11. Nc3 O-O 12. O-O Ng4 13. f4 d4 14. Ne4 Qd5
15. d3 f5 16. c4 Qe6 17. Ng3 dxe3 18. Ne2 Rxd3 19. h3 Bd6 20. Qa6 Ba3 21. c5 Qa2
22. Qxc6 Qxa1 23. bxa3 Qxc1 24. Qxc7 Qxa3 25. hxg4 Qxc5 26. Rc1 Qxc1+ 27. Kh2
Qxc7 0-1

[Event "J. Showalter 1899 - 1915"]
[Site "http://www.queenalice.com/game.php?id=1382897"]
[Date "2015.9.13"]
[Round "-"]
[White "tewald"]
[Black "LaB"]
[Result "0-1"]
[WhiteElo "2034"]
[BlackElo "1891"]

1. d4 d5 2. Bf4 Bf5 3. Nf3 Nf6 4. e3 e6 5. c4 Bxb1 6. Rxb1 Bb4+ 7. Ke2 dxc4 8.
Ne5 b5 9. h3 O-O 10. f3 Nd5 11. Bg3 f5 12. Kf2 f4 13. exf4 Nxf4 14. Kg1 c5 15.
Bxf4 Rxf4 16. a3 Rxd4 17. Qe2 Rd2 18. Qe4 Ba5 19. Qxa8 Qd4+ 20. Kh2 Qxe5+ 21.
Kg1 Qe3+ 22. Kh2 Bc7+ 0-1

[Event "M. Carlsen 2000 - 2015"]
[Site "http://www.queenalice.com/game.php?id=1382902"]
[Date "2015.9.14"]
[Round "-"]
[White "LaB"]
[Black "Huevo"]
[Result "0-1"]
[WhiteElo "1965"]
[BlackElo "1557"]

1. Nf3 f5 2. d4 Nf6 3. Nc3 d6 4. e3 h6 5. Bc4 g5 6. O-O Bg7 7. Ne1 Nc6 8. f4 Bd7
9. Nd5 g4 10. Nxf6+ Bxf6 11. Nd3 e6 12. d5 exd5 13. Bxd5 Qe7 14. Ne5 dxe5 15.
Bd2 e4 16. Bc3 Bxc3 17. Qe1 Bxe1 18. Rc1 Bd2 0-1

[Event "H. Nakamura 1997 - 2015"]
[Site "http://www.queenalice.com/game.php?id=1382903"]
[Date "2015.9.14"]
[Round "-"]
[White "Magogue"]
[Black "LaB"]
[Result "0-1"]
[WhiteElo "592"]
[BlackElo "1989"]

1. d4 d5 2. c4 Nf6 3. cxd5 Qxd5 4. Nc3 Qd8 5. Nf3 e6 6. e4 Bb4 7. Qa4+ Nc6 8.
Bb5 Bxc3+ 9. bxc3 Bd7 10. Qc2 O-O 11. Rb1 a6 12. Bd3 h6 13. Rxb7 Ne7 14. Ba3 Re8
15. Bxe7 Qxe7 16. Rxc7 Red8 17. Ne5 Rac8 18. Rxc8 Rxc8 19. Bxa6 Rb8 20. Nxd7 Kh8
21. Nxf6 Qb4 22. O-O Qb7 23. e5 Qxa6 0-1

[Event "C. Rasis 1939 - 1939"]
[Site "http://www.queenalice.com/game.php?id=1382904"]
[Date "2015.9.14"]
[Round "-"]
[White "LaB"]
[Black "Huevo"]
[Result "0-1"]
[WhiteElo "1935"]
[BlackElo "1587"]

1. e4 e5 2. Nf3 Nc6 3. Bb5 a6 4. Bxc6 dxc6 5. O-O Bg4 6. d3 Qf6 7. Bg5 Bxf3 8.
Bxf6 Bxd1 9. Bxe5 Bxc2 10. Nc3 O-O-O 11. f4 Bxd3 12. Rfd1 f6 13. Kh1 fxe5 14.
Rxd3 Rxd3 15. h3 exf4 16. Rd1 Rxd1+ 17. Kh2 Re1 18. Nb5 cxb5 0-1

[Event "J. Alexander 1939 -1939"]
[Site "http://www.queenalice.com/game.php?id=1382905"]
[Date "2015.9.14"]
[Round "-"]
[White "Magogue"]
[Black "LaB"]
[Result "0-1"]
[WhiteElo "610"]
[BlackElo "1993"]

1. e4 e5 2. f4 exf4 3. Bc4 Qh4+ 4. Kf1 Bc5 5. d4 Be7 6. Qf3 Nc6 7. g3 Qf6 8. e5
Qf5 9. Bd3 Qe6 10. d5 Qxe5 11. gxf4 Qd6 12. dxc6 bxc6 13. Nc3 Nf6 14. Nb5 cxb5
15. Qxa8 O-O 16. Qg2 Qb4 17. Nh3 Bc5 18. Ng5 h6 19. Ne4 Nxe4 20. Qxe4 Qxe4 21.
Bxe4 Bb7 22. Bg2 Bf2 23. Bd2 Bf3 24. Bb4 c6 25. Rd1 Bxd1 26. Kxf2 Bxc2 27. Re1
Bd1 28. Re7 a5 29. Bxa5 Ra8 30. Rxd7 Rxa5 31. Be4 Ra7 0-1

[Event "A. Mongredien 1845 - 1863"]
[Site "http://www.queenalice.com/game.php?id=1383581"]
[Date "2015.9.16"]
[Round "-"]
[White "LaB"]
[Black "adelio"]
[Result "0-1"]
[WhiteElo "1859"]
[BlackElo "1847"]

1. e4 a6 2. d4 c5 3. Nf3 e6 4. Bd3 Nc6 5. c3 Be7 6. O-O h5 7. Be3 d6 8. e5 h4 9.
h3 g5 10. Nh2 dxe5 11. dxe5 Nxe5 12. Bc2 Bd7 13. Nd2 b5 14. Ng4 Nxg4 15. Qxg4
Bc6 16. Nf3 Bxf3 17. Qxf3 Ra7 18. Qc6+ Kf8 19. Bxc5 Rc7 20. Bxe7+ Qxe7 21. Qxa6
Qc5 22. Rfd1 Nf6 23. Rd8+ Ne8 24. Qa8 Qe7 25. a4 b4 26. a5 bxc3 27. Ba4 Kg7 28.
Bxe8 cxb2 29. Rdd1 Rxe8 0-1

[Event "H. Bird 1849 - 1899"]
[Site "http://www.queenalice.com/game.php?id=1383582"]
[Date "2015.9.16"]
[Round "-"]
[White "adelio"]
[Black "LaB"]
[Result "1-0"]
[WhiteElo "1863"]
[BlackElo "1843"]

1. d4 d5 2. e4 dxe4 3. Nc3 f5 4. Be2 g6 5. h4 Nc6 6. Be3 Bg7 7. Nh3 Be6 8. Ng5
Qd7 9. h5 h6 10. Nxe6 Bf6 11. Nc5 Qc8 12. hxg6 b6 13. Na6 Qb7 14. Nd5 O-O-O 15.
Naxc7 e6 16. Nxf6 Nxf6 17. Nxe6 Rd7 18. g7 Rh7 19. g8=Q+ Nxg8 20. Bb5 Rhe7 21.
d5 Rxe6 22. Qe2 Rxd5 23. Ba6 Qxa6 24. Qxa6+ Kc7 25. Bf4+ Kd7 26. c4 Ra5 27. Rd1+
Ke7 28. Qb7+ Kf6 29. Bxh6 1-0

[Event "J. Mason 1874 - 1911"]
[Site "http://www.queenalice.com/game.php?id=1383584"]
[Date "2015.9.16"]
[Round "-"]
[White "LaB"]
[Black "adelio"]
[Result "0-1"]
[WhiteElo "1828"]
[BlackElo "1878"]

1. d4 d5 2. Nc3 e6 3. e3 Be7 4. Nf3 Nc6 5. Bb5 a6 6. Bxc6+ bxc6 7. O-O h5 8. Ne5
Bb7 9. f4 Nh6 10. Qxh5 g6 11. Qf3 Nf5 12. Bd2 Nh4 13. Qg3 Nf5 14. Qf3 Bd6 15.
Rad1 Ke7 16. Qg4 Qg8 17. e4 Nxd4 18. exd5 cxd5 19. Ne2 Nxe2+ 20. Qxe2 Bc5+ 21.
Kh1 d4 22. c3 Rxh2+ 23. Kxh2 Qh7+ 24. Kg3 Qh5 25. Qxh5 gxh5 26. cxd4 Rg8+ 27.
Kh4 Bd6 0-1

[Event "P. Lipke 1893 - 1898"]
[Site "http://www.queenalice.com/game.php?id=1383587"]
[Date "2015.9.16"]
[Round "-"]
[White "adelio"]
[Black "LaB"]
[Result "0-1"]
[WhiteElo "1843"]
[BlackElo "1784"]

1. d4 d5 2. e4 dxe4 3. Nc3 Nf6 4. f3 exf3 5. Nxf3 e6 6. Ne5 Bb4 7. Bd2 Qxd4 8.
Nxf7 Kxf7 9. Bd3 Qh4+ 10. g3 Qh3 11. Qf3 Rf8 12. Ne4 Bxd2+ 13. Kxd2 Kg8 14. Bf1
Qh6+ 15. Ke1 Nd5 16. Qa3 Ne3 17. Qb3 Nc6 18. h4 Nd4 19. Qd3 Ndxc2+ 20. Ke2 Qh5+
21. Kd2 Qa5+ 22. Nc3 Rf2+ 23. Be2 h6 24. Rab1 c5 25. b3 b6 26. Qd8+ Kf7 27. Qc7+
Kg8 28. Qd8+ Kh7 29. Qd3+ Rf5 30. g4 Ba6 31. Qe4 Rd8+ 32. Kc1 Qxc3 33. gxf5 Ne1+
34. Qc2 Qxc2# 0-1

[Event "A. Halprin 1898 - 1900"]
[Site "http://www.queenalice.com/game.php?id=1383591"]
[Date "2015.9.17"]
[Round "-"]
[White "LaB"]
[Black "Aspayne"]
[Result "0-1"]
[WhiteElo "1860"]
[BlackElo "1994"]

1. d4 Nf6 2. Nc3 d5 3. Nf3 c6 4. e3 Bg4 5. Be2 Nbd7 6. O-O e6 7. Ne5 Bxe2 8.
Qxe2 Bd6 9. f4 O-O 10. Qf3 Qb6 11. Kh1 c5 12. Nxd7 Nxd7 13. f5 cxd4 14. exd4
Qxd4 15. Be3 Qe5 0-1

[Event "S. Alapin 1879 - 1914"]
[Site "http://www.queenalice.com/game.php?id=1383592"]
[Date "2015.9.17"]
[Round "-"]
[White "TheAvenger"]
[Black "LaB"]
[Result "1-0"]
[WhiteElo "1460"]
[BlackElo "1905"]

1. f3 e5 2. Nc3 d5 3. d4 Nc6 4. dxe5 d4 5. Ne4 Nxe5 6. c3 Bc5 7. Nxc5 Nf6 8.
cxd4 Nc6 9. e3 O-O 10. Bb5 Bh3 11. Nxh3 1-0

[Event " T. Mazuchowski 1964 - 1998"]
[Site "http://www.queenalice.com/game.php?id=1383595"]
[Date "2015.9.17"]
[Round "-"]
[White "ChessColossos"]
[Black "LaB"]
[Result "0-1"]
[WhiteElo "1374"]
[BlackElo "1822"]

1. e4 e5 2. f4 d6 3. d3 Nc6 4. Nc3 Bd7 5. Nf3 Nd4 6. fxe5 Nxf3+ 7. Qxf3 dxe5 8.
Qg3 Qe7 9. Be2 Nf6 10. O-O O-O-O 11. Bg5 Qd6 12. Kh1 Be7 13. Be3 Rdg8 14. Bxa7
b6 15. a4 Kb7 16. Nb5 Bxb5 17. axb5 Ra8 18. Qxg7 Rhd8 19. Bxb6 Rxa1 0-1

[Event "A. Burn 1869 - 1912"]
[Site "http://www.queenalice.com/game.php?id=1383599"]
[Date "2015.9.17"]
[Round "-"]
[White "ChessColossos"]
[Black "LaB"]
[Result "1-0"]
[WhiteElo "1348"]
[BlackElo "1814"]

1. d4 d5 2. c4 Nf6 3. cxd5 Nxd5 4. e4 Nf6 5. Nc3 Nc6 6. Bb5 Bd7 7. e5 Ng8 8. Nf3
e6 9. O-O Bb4 10. Qb3 Nge7 11. Bxc6 Nxc6 12. d5 exd5 13. Nxd5 Bc5 14. Qxb7 Bb6
15. Bg5 Ne7 16. Nxe7 h6 17. Nd5 f6 18. Bxf6 gxf6 19. Nxf6+ Kf7 20. Rad1 1-0

[Event "Challenge"]
[Site "http://www.queenalice.com/game.php?id=1384851"]
[Date "2015.9.23"]
[Round "-"]
[White "AlekinePb"]
[Black "LaB"]
[Result "1-0"]
[WhiteElo "2031"]
[BlackElo "1913"]

1. d4 a5 2. Nf3 Ra6 3. e4 b6 4. Bxa6 e6 5. Bxc8 Na6 6. Bxa6 Qc8 7. Bxc8 Ba3 8.
Nxa3 Nf6 9. Qd3 Nd5 10. Qb5 O-O 11. Bxd7 Re8 12. Bxe8 Nc3 13. Qd7 Kf8 14. bxc3
h6 15. Ne5 a4 16. Qxf7# 1-0